Tekst piosenki "Gdy nie ma dzieci" - Statystyki

Ogólne statystyki
  • Ten quiz został rozwiązany 124 razy
  • Średni wynik to 19 z 24
Statystyki odpowiedzi
Hint Odpowiedź % Poprawnych
Wyjechali na [...] wszyscy nasi podopieczni wakacje
100%
Wyjechali na [...] wszyscy nasi podopieczni wakacje
100%
Wyjechali na [...] wszyscy nasi podopieczni wakacje
100%
Wyjechali na [...] wszyscy nasi podopieczni wakacje
100%
Wyjechali na [...] wszyscy nasi podopieczni wakacje
100%
Wyjechali na [...] wszyscy nasi podopieczni wakacje
100%
Gdy nie ma dzieci w domu, to jesteśmy [...] niegrzeczni
98%
Gdy nie ma dzieci w domu, to jesteśmy [...] niegrzeczni
98%
Gdy nie ma dzieci w domu, to jesteśmy [...] niegrzeczni
98%
Gdy nie ma dzieci w domu, to jesteśmy [...] niegrzeczni
98%
Gdy nie ma dzieci w domu, to jesteśmy [...] niegrzeczni
98%
Gdy nie ma dzieci w domu, to jesteśmy [...] niegrzeczni
98%
Jedna flaszka, druga flaszka i też [...], kurde bele, leci trzecia
93%
Jeszcze [...] dni i nocy, i wszystko wróci do normy kilka
73%
Dom stoi zupełnie pusty nocą kurzą się dookoła [...] rupiecie
73%
Wracamy [...] krokiem po okrążeniu nad ranem chwiejnym
71%
Jednak jeszcze dzisiaj i jutro, pojutrze i [...] popojutrze
69%
Po schodach na piechotę [...] rady nie damy raczej
68%
Poznaje się tych albo owych i mamy troszeczkę [...] kataru
65%
[...] bardzo dobrze znana od jednego baru do baru trasa
47%
Jeśli wiesz, o czym ja mówię natomiast [...] rankiem zupełnym
45%
Pozwól nocy kochana, [...] nosa utrzeć życiu
44%
Wychylam, patrząc [...] ostatnią bez gazu szklankę, he tępo
37%
Będziemy [...] i poważni, uczesani i przezorni zorganizowani
29%
Nie znaleziono quizów pasujących do podanych kryteriów
Rozkład punktacji
Procent ludzi z każdym wynikiem
Percentyl według liczby udzielonych odpowiedzi
Twoja historia wyników
Nie rozwiązałeś tego quizu